<?xml version="1.0" encoding="UTF-8"?>
<record
    xmlns:xsi="http://www.w3.org/2001/XMLSchema-instance"
    xsi:schemaLocation="http://www.loc.gov/MARC21/slim http://www.loc.gov/standards/marcxml/schema/MARC21slim.xsd"
    xmlns="http://www.loc.gov/MARC21/slim">

  <leader>00903nam a2200193 a 4500</leader>
  <controlfield tag="001">BRCA_9021</controlfield>
  <controlfield tag="005">20190320210509.0</controlfield>
  <controlfield tag="008">240717s1652----sp-#######---#000-0#lat-#</controlfield>
  <datafield tag="041" ind1=" " ind2=" ">
    <subfield code="a">lat</subfield>
  </datafield>
  <datafield tag="084" ind1=" " ind2=" ">
    <subfield code="a">LM57</subfield>
    <subfield code="b">.V54 1652</subfield>
  </datafield>
  <datafield tag="100" ind1="1" ind2=" ">
    <subfield code="a">Vigelii, Nicolai</subfield>
    <subfield code="9">22370</subfield>
  </datafield>
  <datafield tag="245" ind1="1" ind2="0">
    <subfield code="a">Nicolai Vigelij de Dreisa Hessorum, iurisconsulti Methodus iuris controuersi, in sex libros distincta, nunc denuo autore recognita, &amp; vigintiquatuor authorum accessione aucta</subfield>
    <subfield code="b">cum ratione iuris controuersi cum iudicio legendi, &amp; in iudicando sequendi, operi praefixa: accessit rerum ac verborum praecipue&#xCC; memorabilium index...</subfield>
  </datafield>
  <datafield tag="260" ind1=" " ind2=" ">
    <subfield code="a">Moguntiae</subfield>
    <subfield code="b">excudebat Nicolaus Heyll sumptibus haeredum Ludouici Regis</subfield>
    <subfield code="c">1652</subfield>
  </datafield>
  <datafield tag="300" ind1=" " ind2=" ">
    <subfield code="a">1227 p.</subfield>
    <subfield code="c">33 x 20.5 cm</subfield>
  </datafield>
  <datafield tag="500" ind1=" " ind2=" ">
    <subfield code="a">Estado f&#xED;sico: presenta encuadernaci&#xF3;n en piel deteriorada</subfield>
  </datafield>
  <datafield tag="650" ind1="1" ind2="4">
    <subfield code="a">Ley romana</subfield>
    <subfield code="y">Obras anteriores a 1800</subfield>
    <subfield code="9">22371</subfield>
  </datafield>
  <datafield tag="902" ind1=" " ind2=" ">
    <subfield code="a">CFM</subfield>
  </datafield>
  <datafield tag="942" ind1=" " ind2=" ">
    <subfield code="2">lcc</subfield>
    <subfield code="c">B</subfield>
  </datafield>
  <datafield tag="999" ind1=" " ind2=" ">
    <subfield code="c">8672</subfield>
    <subfield code="d">8672</subfield>
  </datafield>
  <datafield tag="952" ind1=" " ind2=" ">
    <subfield code="0">0</subfield>
    <subfield code="1">0</subfield>
    <subfield code="4">0</subfield>
    <subfield code="7">0</subfield>
    <subfield code="a">BRCA</subfield>
    <subfield code="b">BRCA</subfield>
    <subfield code="d">2017-07-24</subfield>
    <subfield code="l">0</subfield>
    <subfield code="o">LM57 .V54 1652</subfield>
    <subfield code="p">CFM00292</subfield>
    <subfield code="r">2019-03-22 00:00:00</subfield>
    <subfield code="w">2019-03-22</subfield>
    <subfield code="y">B</subfield>
  </datafield>
</record>
